000 01147nam a2200229Ia 4500
001 18097
003 GE_BSU
008 181216s||||||||xx |||||||||||||| ||und||
020 _a1512-2212
040 _cGE_BSU
080 _a81(082)+94(479.223)
245 _aსაქართველოს განათლებისა და მეცნიერების სამინისტრო. კრებული. V.
245 _cტომის რედ. მ. ფაღავა.,მ. ჩოხარაძე
250 _aშოთა რუსთაველის სახ. უნ-ტი. სამხრეთ-დასავლეთ საქართველოს სამეცნიერო კვლევითი ცენტრი
260 _aბათუმი
260 _bბათუმის უნივერსიტეტი
260 _c2007
300 _a316გვ.27სმ.
541 _h12ლ.
653 _aსაქართველოს განათლებისა და მეცნიერების სამინისტრო. კრებული. V.
942 _cBK
999 _c51140
_d51140